书目信息 |
| 题名: |
新闻与文化研究
|
|
| 作者: | 方延明 著 | |
| 分册: | ||
| 出版信息: | 北京 社会科学文献 2007.05 |
|
| 页数: | 441页 | |
| 开本: | 22cm | |
| 丛书名: | ||
| 单 册: | ||
| 中图分类: | G210 | |
| 科图分类: | ||
| 主题词: | 新闻学 , 新闻工作 | |
| 电子资源: | ||
| ISBN: | 978-7-80230-607-3 | |
| 000 | 00482nam0 2200193 45 | |
| 005 | 20080922092755.64 | |
| 010 | @a978-7-80230-607-3@dCNY58.00 | |
| 092 | @bLR | |
| 102 | @aCN@b110000 | |
| 200 | 1 | @a新闻与文化研究@f方延明著@Ffang yan ming zhu |
| 210 | @a北京@c社会科学文献@d2007.05 | |
| 215 | @a441页@d22cm | |
| 606 | 0 | @a新闻学 |
| 606 | 0 | @a新闻工作 |
| 690 | @aG210@v4 | |
| 701 | 0 | @a方延明@Afang yan ming@4著 |
| 801 | 0 | @c20080922 |
| 905 | @dG210@eF264@f5 | |
| 906 | @cLR@dCNY58.00@n0@r1 | |
| 新闻与文化研究/方延明著.-北京:社会科学文献,2007.05 |
| 441页;22cm |
| ISBN 978-7-80230-607-3:CNY58.00 |
| ● |
| 相关链接 |
|
|
|
正题名:新闻与文化研究
索取号:G210/F264
 
预约/预借
| 序号 | 登录号 | 条形码 | 馆藏地/架位号 | 状态 | 备注 |
| 1 | 679513 | 206795137 | 社科库409/409社科库 57排4列1层/ [索取号:G210/F264] | 在馆 | |
| 2 | 679514 | 206795146 | 社科库409/422社科库 53排6列2层/ [索取号:G210/F264] | 在馆 | |
| 3 | 679515 | 206795155 | 社科库409/409社科库 57排4列1层/ [索取号:G210/F264] | 在馆 |